LIBRARY & INFORMATION CENTRE, KCAET, TAVANUR

ONLINE PUBLIC ACCESS CATALOGUE (OPAC)

Food Plant Sanitation: Design, Maintenance, and Good Manufacturing Practices (Record no. 14561)

MARC details
000 -LEADER
fixed length control field 00356nam a22001337a 4500
020 ## - INTERNATIONAL STANDARD BOOK NUMBER
ISBN 9781466511736
082 ## - DEWEY DECIMAL CLASSIFICATION NUMBER
Classification number 664.02853
Item number CRA/FO
100 ## - MAIN ENTRY--AUTHOR NAME
Personal name Cramer,Michael M.
245 ## - TITLE STATEMENT
Title Food Plant Sanitation: Design, Maintenance, and Good Manufacturing Practices
250 ## - EDITION STATEMENT
Edition statement 2 nd
260 ## - PUBLICATION, DISTRIBUTION, ETC. (IMPRINT)
Place of publication Boca Raton
Name of publisher CRC Press
Year of publication 2013
300 ## - PHYSICAL DESCRIPTION
Number of Pages 291
942 ## - ADDED ENTRY ELEMENTS (KOHA)
Koha item type Reference
Holdings
Withdrawn status Lost status Damaged status Collection code Home library Current library Shelving location Date acquired Source of acquisition Cost, normal purchase price Full call number Accession Number Koha item type
      Reference KAUAET KAUAET Reference1 16/07/2016 Dream Tech, Trivandrum 9612.10 664.02853 CRA/FO 24434 Reference
free website counter